000 00664nam a2200229Ia 4500
003 OSt
005 20220923224154.0
006 a|||||r|||| 00| 0
007 ta
008 Pun
024 _a227,125
037 _cTextual
040 _aARTS
_cARTS
_bPun
041 _2Pun
_aPun
082 _aQ8441, 153P3
100 _aਹਾਂਸ, ਸ ਸ
245 0 _aਗੁਰੂ ਪੰਥ ਅਤੇ ਅੱਜ ਦੀ ਦੁਨੀਆ
260 _aਅੰਮ੍ਰਿਤਸਰ
_b ਵਾਰਿਸ Fਾਹ ਖ਼ਾਊਜ਼ਡੇFਨ
_c2003
300 _a176ਪੰ
_ccm.
942 _hQ8441, 153P3
_cTEXL
_2CC
999 _c369712
_d369712